| 000 | 00406nam a22001337a 4500 | ||
|---|---|---|---|
| 008 | 160909b xxu||||| |||| 00| 0 eng d | ||
| 050 | _a217/2008 | ||
| 245 |
_aChurch Information System _cPatrick O. David and William A. Boateng |
||
| 260 |
_aAccra.: _bWisconsin International University, _c2008. |
||
| 300 | _aVarious pgs.: | ||
| 700 | _aPatrick O. David | ||
| 700 | _aBoateng,William A. | ||
| 942 |
_2lcc _cREF |
||
| 999 |
_c6048 _d13548 |
||